| 000 | 00390nam a2200133Ia 4500 | ||
|---|---|---|---|
| 008 | 220216s9999 xx 000 0 und d | ||
| 100 | _aPotti S N | ||
| 245 | 0 | _aNew developments in rubber production and processing : 3 Agronomical investigations in rubber | |
| 260 |
_bRubber Board Bulletin _c1983 |
||
| 300 | _a8 | ||
| 650 | _aIntercropping | ||
| 650 | _aRubber cultivation | ||
| 942 | _cJS | ||
| 999 |
_c63786 _d63786 |
||